Scholastic pocket guide to grammar / (Record no. 2557)
[ view plain ]
| 000 -LEADER | |
|---|---|
| fixed length control field | 01077nam a22002297a 4500 |
| 005 - DATE AND TIME OF LATEST TRANSACTION | |
| control field | 20241127153433.0 |
| 020 ## - INTERNATIONAL STANDARD BOOK NUMBER | |
| International Standard Book Number | 9780545258395 |
| 040 ## - CATALOGING SOURCE | |
| Original cataloging agency | FISKH |
| Language of cataloging | eng |
| Transcribing agency | FISKH |
| Modifying agency | FISKH |
| 050 ## - LIBRARY OF CONGRESS CALL NUMBER | |
| Classification number | PE1112.T47 |
| 082 ## - DEWEY DECIMAL CLASSIFICATION NUMBER | |
| Classification number | 428.2 |
| 100 ## - MAIN ENTRY--PERSONAL NAME | |
| Personal name | Terban, Marvin |
| 245 ## - TITLE STATEMENT | |
| Title | Scholastic pocket guide to grammar / |
| Statement of responsibility, etc. | a compendium of every rule you could ever possibly need ; by Marvin Terban as Professor Grammar |
| 250 ## - EDITION STATEMENT | |
| Edition statement | First printing, September 2010 |
| 260 ## - PUBLICATION, DISTRIBUTION, ETC. | |
| Place of publication, distribution, etc. | New York : |
| Name of publisher, distributor, etc. | Scholastic, |
| Date of publication, distribution, etc. | 2010 |
| 300 ## - PHYSICAL DESCRIPTION | |
| Extent | 123 pages : |
| Other physical details | color illustrations ; |
| Dimensions | 16 cm |
| 505 ## - FORMATTED CONTENTS NOTE | |
| Formatted contents note | T |
| 520 ## - SUMMARY, ETC. | |
| Summary, etc. | The ultimate resource for proper grammar. The Scholastic Guide to Grammar is an easy-to-use, color-coded, tabbed guide packed full of information, examples, and tips for English language arts success. Write a paper, meet new people, apply for a job, and more, with perfect grammar, spelling, and punctuation. Join "Professor Grammar" on this guided journey through the intricacies of the English language. |
| 521 ## - TARGET AUDIENCE NOTE | |
| Target audience note | 850 |
| Source | Lexile |
| 521 ## - TARGET AUDIENCE NOTE | |
| Target audience note | T |
| Source | Raz-Plus |
| 942 ## - ADDED ENTRY ELEMENTS (KOHA) | |
| Source of classification or shelving scheme | Dewey Decimal Classification |
| Koha item type | Books |
| Suppress in OPAC | No |
| 999 ## - | |
| -- | 2557 |
| -- | 2557 |
| Withdrawn status | Lost status | Source of classification or shelving scheme | Damaged status | Not for loan | Collection | Home library | Current library | Shelving location | Date acquired | Total Checkouts | Full call number | Barcode | Date last seen | Copy number | Price effective from | Koha item type |
|---|---|---|---|---|---|---|---|---|---|---|---|---|---|---|---|---|
| Dewey Decimal Classification | Non-Fiction | Footprints International School Library Network Toul Kork Campus | Footprints International School Library Network Toul Kork Campus | TTP Secondary Non-Fiction Bookshelves | 12/15/2023 | TER 428.2 PE1112.T47 | FISSE01348 | 12/15/2023 | 1 | 12/15/2023 | Books | |||||
| Dewey Decimal Classification | Non-Fiction | Footprints International School Library Network Toul Kork Campus | Footprints International School Library Network Toul Kork Campus | TTP Secondary Non-Fiction Bookshelves | 12/15/2023 | TER 428.2 PE1112.T47 | FIS04628 | 11/27/2024 | 2 | 12/15/2023 | Books |
